000 00270nam a22001097a 4500
082 _a030
_bBOW/P-V-1
245 _aTHE PRACTICAL HANDYMAN'S ENCYCLOPEDIA
246 _aVOLUME ONE
260 _aNEW YORK
_bGREY STONE PRESS
650 _aGENERAL KNOWLEDGE
_zNEWYORK
942 _cBK
999 _c2966
_d2966